Реферативный журнал. Электронное издание. 13Б. Математический анализ №6 . 2018 (ბიბ.ჩანაწერი № 55763)
[ მარტივი ფორმატი ]
| 000 -LEADER | |
|---|---|
| fixed length control field | 00695nam a2200205Ia 4500 |
| 001 - CONTROL NUMBER | |
| control field | 22860 |
| 003 - CONTROL NUMBER IDENTIFIER | |
| control field | GE_BSU |
| 008 - FIXED-LENGTH DATA ELEMENTS--GENERAL INFORMATION | |
| fixed length control field | 181216s||||||||xx |||||||||||||| ||und|| |
| 020 ## - INTERNATIONAL STANDARD BOOK NUMBER | |
| International Standard Book Number | 0202-9545 |
| 040 ## - CATALOGING SOURCE | |
| Transcribing agency | GE_BSU |
| 245 ## - TITLE STATEMENT | |
| Title | Реферативный журнал. Электронное издание. 13Б. Математический анализ №6 . 2018 |
| 260 ## - PUBLICATION, DISTRIBUTION, ETC. | |
| Place of publication, distribution, etc. | Москва |
| 260 ## - PUBLICATION, DISTRIBUTION, ETC. | |
| Date of publication, distribution, etc. | 2018 |
| 300 ## - PHYSICAL DESCRIPTION | |
| Extent | cd |
| 653 ## - INDEX TERM--UNCONTROLLED | |
| Uncontrolled term | cd |
| 653 ## - INDEX TERM--UNCONTROLLED | |
| Uncontrolled term | Математика |
| 653 ## - INDEX TERM--UNCONTROLLED | |
| Uncontrolled term | Реферативный журнал. Электронное издание. 13Б. Математический анализ №6 . 2018 |
| 653 ## - INDEX TERM--UNCONTROLLED | |
| Uncontrolled term | მათემატიკა |
| 942 ## - ADDED ENTRY ELEMENTS (KOHA) | |
| Koha item type | კომპიუტერის ფაილები |
| Withdrawn status | Lost status | Damaged status | Not for loan | Date acquired | Barcode | Date last seen | Price effective from | Koha item type | Public note | Source of classification or shelving scheme | Permanent Location | Current Location | Serial Enumeration / chronology | Copy number |
|---|---|---|---|---|---|---|---|---|---|---|---|---|---|---|
| 2018-12-17 | 79580 | 2018-12-17 | 2018-12-17 | კომპიუტერის ფაილები | cd | |||||||||
| შიდა ფონდი | 2019-05-10 | p80037 | 2019-05-10 | 2019-05-10 | კომპიუტერის ფაილები | cd | ბათუმის შოთა რუსთაველის სახელმწიფო უნივერსიტეტის მთავარი ბიბლიოთეკა | ბათუმის შოთა რუსთაველის სახელმწიფო უნივერსიტეტის მთავარი ბიბლიოთეკა | N (10) (2018) | p80037 | ||||
| შიდა ფონდი | 2019-05-10 | p80038 | 2019-05-10 | 2019-05-10 | კომპიუტერის ფაილები | cd | ბათუმის შოთა რუსთაველის სახელმწიფო უნივერსიტეტის მთავარი ბიბლიოთეკა | ბათუმის შოთა რუსთაველის სახელმწიფო უნივერსიტეტის მთავარი ბიბლიოთეკა | N (11) (2018) | p80038 | ||||
| შიდა ფონდი | 2019-05-10 | p80039 | 2019-05-10 | 2019-05-10 | კომპიუტერის ფაილები | cd | ბათუმის შოთა რუსთაველის სახელმწიფო უნივერსიტეტის მთავარი ბიბლიოთეკა | ბათუმის შოთა რუსთაველის სახელმწიფო უნივერსიტეტის მთავარი ბიბლიოთეკა | N (12) (2018) | p80039 |
